000 00567nam a2200181 i 4500
001 134241
003 ES-MaACL
005 20231102063034.0
007 t|
008 070907s1931 sp ||||1| spa d
100 1 _aWassermann, Jakob,
_d1873-1934
_9116154
245 1 3 _aEl escándalo del hidalgo Ernesto /
_cJakob Wassermann ; traducción de Luis Blanco de Vicente.
260 _aMadrid :
_bDédalo,
_c1931.
300 _a212 p. ;
_c19 cm.
700 1 _aBlanco de Vicente, Luis.
_929243
852 _aES-MaACL
_jD-6178
_bR.30151
999 _c134241
_d134241